000
00483nam a2200181Ia 4500
008
090124s9999 xx 000 0 und d
082
_b
122756
100
_a
रानडे जयंत
245
_a
रत्नप्रभा
250
_a
1
260
_c
1988
300
_a
156
600
_a
रानडे जयंत
630
_a
रत्नप्रभा
700
_a
रानडे जयंत
730
_a
रत्नप्रभा
942
_c
BOOK
999
_c
168842
_d
168842